Twelve Absolutes Leadership (Record no. 54916)
[ view plain ]
| 000 -LEADER | |
|---|---|
| fixed length control field | 00317nam a22001457a 4500 |
| 008 - FIXED-LENGTH DATA ELEMENTS--GENERAL INFORMATION | |
| fixed length control field | 190925b ||||| |||| 00| 0 eng d |
| 020 ## - INTERNATIONAL STANDARD BOOK NUMBER | |
| International Standard Book Number | 9780071787123 |
| 041 ## - LANGUAGE CODE | |
| Language code of text/sound track or separate title | eng |
| 080 ## - UNIVERSAL DECIMAL CLASSIFICATION NUMBER | |
| Universal Decimal Classification number | 658 |
| 082 ## - DEWEY DECIMAL CLASSIFICATION NUMBER | |
| Classification number | 658 |
| 100 ## - Rafti | |
| Rafti | 53 |
| 101 ## - Shkurtesa | |
| Shkurtesa | MEN |
| 245 ## - TITLE STATEMENT | |
| Title | Twelve Absolutes Leadership |
| Statement of responsibility, etc | Burnison.g |
| 942 ## - ADDED ENTRY ELEMENTS (KOHA) | |
| Source of classification or shelving scheme | |
| Item type | Books |
| Withdrawn status | Lost status | Source of classification or shelving scheme | Damaged status | Not for loan | Permanent location | Current location | Shelving location | Date acquired | Total Checkouts | Full call number | Barcode | Date last seen | Price effective from | Koha item type |
|---|---|---|---|---|---|---|---|---|---|---|---|---|---|---|
| UBT - Peja | UBT - Peja | Koleksioni i përgjithshem | 09/25/2019 | 658 | 002-3020282 | 09/25/2019 | 09/25/2019 | Books | ||||||
| UBT - Peja | UBT - Peja | Koleksioni i përgjithshem | 09/25/2019 | 658 | 002-3020277 | 09/25/2019 | 09/25/2019 | Books | ||||||
| UBT - Peja | UBT - Peja | Koleksioni i përgjithshem | 09/25/2019 | 658 | 002-3020272 | 09/25/2019 | 09/25/2019 | Books | ||||||
| UBT - Peja | UBT - Peja | Koleksioni i përgjithshem | 09/25/2019 | 658 | 002-3020267 | 09/25/2019 | 09/25/2019 | Books | ||||||
| UBT - Peja | UBT - Peja | Koleksioni i përgjithshem | 09/25/2019 | 658 | 002-3020262 | 09/25/2019 | 09/25/2019 | Books |